| 000 | 00827nam a2200241 a 4500 | ||
|---|---|---|---|
| 001 | 25312 | ||
| 003 | CO-ViMGA | ||
| 008 | 141112s2004 ck r 000 u spa d | ||
| 020 | _a8449304326 | ||
| 040 |
_aCO-ViMGA _bspa _cCO-ViMGA |
||
| 082 | 0 | 4 | _a657 C692S |
| 100 | 1 |
_aCovey, Stephen R. _938590 |
|
| 245 | 1 | 0 |
_aLos 7 habitos de la gente altamente efectiva : _bLa revolucion ética en la vida cotidiana y en la empresa / _cStephen R. Covey, traduccion de Jorge Piatigorsky |
| 246 | _aTitulo original : The seven habits of highly effective people. | ||
| 260 |
_aEspaña : _bPlaneta, _c97 |
||
| 300 | _a426 p. / 23 cm | ||
| 490 | _aPaidos Plural | ||
| 650 | 1 | 4 |
_aComportamiento Organizacional _915871 |
| 650 | 1 | 4 | _aLiderazgo |
| 700 | 1 |
_aPiatigorsky Jorge, il _938591 |
|
| 700 | 1 |
_aViano Victor _938592 |
|
| 942 |
_2ddc _cBK |
||
| 999 |
_c32921 _d32921 |
||